000 00361nam a22001457a 4500
008 150901b xxu||||| |||| 00| 0 eng d
040 _cLIBRARY
082 _a891.439 NAS
100 _96249
_aHijazi, Naseem
245 _aKhaak aur Khoon
_cNaseem Hijazi
260 _cc.1998
300 _a640
650 _96251
_aGeneral Book
_xUrdu Literature
942 _2ddc
_cBK
999 _c64934
_d64934